000 00937nam0a22002771 4500
001 v19\rc\1821234
005 20250619133230.0
035 _a(NLR Aleph) 004919056
090 _a5558347
_c5558347
100 _a20071224d1907 |||y0rusy50 ca
101 0 _arus
102 _aRU
105 _aa z |||||
200 1 _aПервый подвиг пластунов
_e(Из воспоминаний севастопольца)
_fПетро Пластун
210 _aСанкт-Петербург
_cВ.А. Березовский
_d[1907]
215 _a12 с.
_cил.
_d17
225 1 _aСолдатская библиотека
_v18-го комплекта. № 347
700 1 _aПластун
_bП.
_gПетро
801 0 _aRU
_bNLR
_gpsbo
801 0 _aRU
_bRuMoRGB
_2psbo
801 1 _aRU
_bProSoft-M
_2rusmarc
852 _aNLR
_j34.48.7.971
899 _aRuMoRGB
_jF 52/422
899 _aRuMoRGB
_jФ 1-75/11954
942 _cBOOK
980 _aNB